Introduction to IOT with manhine learning and image processing using raspberry IP (Record no. 1237430)

MARC details
000 -LEADER
fixed length control field 00904nam a2200253Ia 4500
005 - DATE AND TIME OF LATEST TRANSACTION
control field 20250117103442.0
008 - FIXED-LENGTH DATA ELEMENTS--GENERAL INFORMATION
fixed length control field 008 250103s9999 xx 000 0 eng d
020 ## - INTERNATIONAL STANDARD BOOK NUMBER
International Standard Book Number 9780367493738
037 ## - SOURCE OF ACQUISITION
Stock number Textbook
040 ## - CATALOGING SOURCE
Original cataloging agency CSL
Language of cataloging eng
Transcribing agency CSL
041 ## - LANGUAGE CODE
Language code of text/sound track or separate title eng
Source of code eng
084 ## - COLON CLASSIFICATION NUMBER
Classification number D65,8(B):(S:72) R0 TD
Assigning agency CSL
100 ## - MAIN ENTRY--PERSONAL NAME
Personal name Kulkarni, Shrirang Ambaji
9 (RLIN) 731126
245 #0 - TITLE STATEMENT
Title Introduction to IOT with manhine learning and image processing using raspberry IP
Statement of responsibility, etc. Kulkarni, Shrirang Ambaji; Gurupur, Varadrah P; Fernandes, Steven L
260 ## - PUBLICATION, DISTRIBUTION, ETC.
Place of publication, distribution, etc. Boca Raton
Name of publisher, distributor, etc. CRC Press/T&F
Date of publication, distribution, etc. 2020
300 ## - PHYSICAL DESCRIPTION
Extent vii, 158p. ill.
650 ## - SUBJECT ADDED ENTRY--TOPICAL TERM
Topical term or geographic name entry element Image processing
9 (RLIN) 458872
650 ## - SUBJECT ADDED ENTRY--TOPICAL TERM
Topical term or geographic name entry element Machine learning
9 (RLIN) 480917
650 ## - SUBJECT ADDED ENTRY--TOPICAL TERM
Topical term or geographic name entry element Computer Science
700 ## - ADDED ENTRY--PERSONAL NAME
Personal name Fernandes, Steven L
9 (RLIN) 733136
700 ## - ADDED ENTRY--PERSONAL NAME
Personal name Gurupur, Varadrah P
9 (RLIN) 733137
942 ## - ADDED ENTRY ELEMENTS (KOHA)
Koha item type Textbook
Classification part D65,8(B):(S:72) R0 TD
Holdings
Withdrawn status Lost status Damaged status Not for loan Home library Current library Date acquired Source of acquisition Inventory number Total Checkouts Total Renewals Full call number Barcode Date last seen Date last checked out Price effective from Koha item type
        Central Science Library Central Science Library 2025-01-17 DSR Publishers & Distributors 318, 09/02/2023 3 1 D65,8(B):(S:72) R0 TD SL1655378 2026-03-25 2025-10-28 2025-01-17 Textbook
Copyright @ Delhi University Library System